000 00572nam a2200193Ia 4500
003 OSt
005 20250612112125.0
008 191128s2013 ck er 000 f spa d
040 _aCO-JMCR
_cCO-JMCR
041 _aspa
082 0 4 _aJ-N
_bSILc
100 1 _aSilva Mojica, Antonio,
_eautor
_98218
245 1 3 _aLa caverna del embrujo :
_bsin escenas de sexo ni violencia /
_cAntonio Silva Mojica
260 _aBogotá :
_bGéminis,
_c2013
300 _a92 páginas ;
_c22 cm.
500 _aNovela juvenil y ecológica
650 1 4 _aNovela juvenil
_98219
942 _2ddc
_cBK
999 _c4399
_d4399